[Event "IX Floripa Chess Open Fort Atacadista"]
[Site "Florianópolis - Santa Catari"]
[Date "2023.01.25"]
[Round "4.73"]
[White "Encina, Adrian Andres"]
[Black "Oliveira, Tiago Batista"]
[Result "1-0"]
[WhiteElo "1787"]
[BlackElo "2047"]
[PlyCount "91"]
[EventDate "2023.01.23"]
[EventRounds "10"]
[EventCountry "BRA"]

1. e4 c5 2. Nf3 Nc6 3. d4 cxd4 4. Nxd4 Nf6 5. Nc3 d6 6. Bg5 e6 7. Qd2 Be7 8.
O-O-O Nxd4 9. Qxd4 O-O 10. e5 dxe5 11. Qxe5 Nd7 12. Bxe7 Qxe7 13. Qg3 Nf6 14.
Bd3 Bd7 15. Rhe1 Bc6 16. Qh4 Rfe8 17. g4 Qb4 18. h3 Rac8 19. a3 Qf4+ 20. Kb1
Bf3 21. Ne2 Bxe2 22. Rxe2 Rc5 23. Red2 Rh5 24. Qg3 Qxg3 25. fxg3 Rxh3 26. Bb5
Rf8 27. g5 Ne4 28. Rd7 Rxg3 29. Rxb7 Rxg5 30. Bc6 Ng3 31. Rxa7 h5 32. a4 h4 33.
a5 Rc8 34. Bb7 Rc7 35. a6 Kh7 36. Rd4 Nf5 37. Rd2 Rg1+ 38. Ka2 h3 39. Ra8 Nd6
40. Rxd6 h2 41. Rdd8 Rxc2 42. Be4+ f5 43. Rh8+ Kg6 44. Bxc2 h1=Q 45. Rxh1 Rxh1
46. a7 1-0

[Event "IX Floripa Chess Open Fort Atacadista"]
[Site "Florianópolis - Santa Catari"]
[Date "2023.01.25"]
[Round "4.74"]
[White "Almeida Junior, Alvaro Alves De"]
[Black "Zabala, Antonio Murara"]
[Result "1-0"]
[WhiteElo "2045"]
[BlackElo "1761"]
[PlyCount "57"]
[EventDate "2023.01.23"]
[EventRounds "10"]
[EventCountry "BRA"]

1. e4 c5 2. Nf3 d6 3. d4 cxd4 4. Nxd4 Nf6 5. f3 a6 6. c4 g6 7. Nc3 Bg7 8. Be3
O-O 9. Be2 Nc6 10. O-O Be6 11. b3 Rc8 12. Rc1 Qa5 13. Qd2 Rfd8 14. Rfd1 Kh8 15.
Bf1 Bd7 16. Qf2 Ne5 17. h3 Bc6 18. Nxc6 Rxc6 19. Nd5 Re8 20. Nxf6 Bxf6 21. f4
Nd7 22. g4 Nc5 23. Bg2 Rcc8 24. e5 dxe5 25. fxe5 Bxe5 26. Rd5 Bd6 27. Rf1 Rf8
28. Rxd6 exd6 29. Qf6+ 1-0

[Event "IX Floripa Chess Open Fort Atacadista"]
[Site "Florianópolis - Santa Catari"]
[Date "2023.01.25"]
[Round "4.75"]
[White "Araujo, Renan Aparecido"]
[Black "Mariot Vaz, Joao Antonio Bertol"]
[Result "1-0"]
[WhiteElo "2041"]
[BlackElo "1756"]
[PlyCount "53"]
[EventDate "2023.01.23"]
[EventRounds "10"]
[EventCountry "BRA"]

1. e4 c5 2. Nf3 e6 3. d4 cxd4 4. Nxd4 Nf6 5. Nc3 d6 6. g4 h6 7. Rg1 Nc6 8. Be3
a6 9. h4 e5 10. Nxc6 bxc6 11. g5 hxg5 12. hxg5 Nh5 13. g6 Be6 14. gxf7+ Bxf7
15. Qf3 Nf6 16. O-O-O Rg8 17. Bg5 Be7 18. Qe3 a5 19. f4 Qc7 20. Bh3 Rb8 21.
fxe5 dxe5 22. Bxf6 Bxf6 23. Rd7 Qb6 24. Qxb6 Rxb6 25. Ra7 Bh5 26. Bd7+ Kd8 27.
Bg4 1-0

[Event "IX Floripa Chess Open Fort Atacadista"]
[Site "Florianópolis - Santa Catari"]
[Date "2023.01.25"]
[Round "4.76"]
[White "Sergio Filho, Claudio Santos"]
[Black "Sekula, Markley Ribas"]
[Result "0-1"]
[WhiteElo "1786"]
[BlackElo "2040"]
[PlyCount "122"]
[EventDate "2023.01.23"]
[EventRounds "10"]
[EventCountry "BRA"]

1. Nf3 Nf6 2. d3 d5 3. g3 Nbd7 4. Bg2 e5 5. Nbd2 Bd6 6. O-O O-O 7. e4 c6 8. Nh4
dxe4 9. dxe4 Nc5 10. Qe2 Re8 11. Rd1 Qc7 12. Nc4 Bf8 13. Bg5 Be7 14. Nf5 Bxf5
15. exf5 h6 16. Bh4 Ncd7 17. g4 Nd5 18. Bxe7 Nf4 19. Qe4 Rxe7 20. Ne3 Nf6 21.
Qc4 Nxg2 22. Nxg2 e4 23. h3 Nd5 24. Qe2 Rae8 25. c4 Nb4 26. f6 gxf6 27. Qd2 Nd3
28. Qxh6 Qe5 29. Ne3 Qg5 30. Nf5 Qxh6 31. Nxh6+ Kh7 32. Nf5 Re6 33. Rd2 Kg6 34.
f3 Ne5 35. Nd4 Nxf3+ 36. Nxf3 exf3 37. Rf1 Re2 38. Rf2 R8e4 39. b3 Kg5 40. Rd3
Rxf2 41. Kxf2 Re2+ 42. Kxf3 Rxa2 43. Kg3 Rb2 44. h4+ Kg6 45. Kf4 a5 46. Rh3 Rb1
47. Ke4 Rg1 48. Kf4 Ra1 49. Rh2 a4 50. bxa4 Rxa4 51. h5+ Kh6 52. Kf5 Rxc4 53.
Kxf6 Rxg4 54. Kxf7 b5 55. Ke6 Rd4 56. Rc2 Rc4 57. Rh2 b4 58. Kd6 b3 59. Rb2 Rc3
60. Ke5 c5 61. Ke4 Kxh5 0-1

[Event "IX Floripa Chess Open Fort Atacadista"]
[Site "Florianópolis - Santa Catari"]
[Date "2023.01.25"]
[Round "4.77"]
[White "Boff, Lucas Strauss"]
[Black "De Oliveira, Jairo Quintiliano"]
[Result "1/2-1/2"]
[WhiteElo "2036"]
[BlackElo "1745"]
[PlyCount "130"]
[EventDate "2023.01.23"]
[EventRounds "10"]
[EventCountry "BRA"]

1. Nf3 d5 2. c4 c6 3. e3 Nf6 4. Nc3 e6 5. b3 Nbd7 6. Bb2 Bd6 7. Qc2 O-O 8. Be2
Re8 9. O-O b6 10. Rac1 Bb7 11. d4 Rc8 12. Rfd1 Qe7 13. Qb1 a6 14. e4 e5 15.
dxe5 Nxe5 16. cxd5 cxd5 17. Nxd5 Nxd5 18. Rxc8 Rxc8 19. exd5 Ng4 20. Qd3 Bc5
21. d6 Qd8 22. Nd4 Qh4 23. Qg3 Qxg3 24. hxg3 Nf6 25. Nf5 Rd8 26. Bc4 Ne4 27.
Bd4 Bc8 28. Ne7+ Kf8 29. Nxc8 Rxc8 30. Bxa6 Rd8 31. Bxc5 bxc5 32. d7 Nc3 33.
Rd2 Ke7 34. Rc2 Ne4 35. Bb5 Kd6 36. Re2 Nc3 37. Re8 Kc7 38. Rxd8 Kxd8 39. Bc4
Nxa2 40. Bxf7 Kxd7 41. f4 Kc6 42. Kf2 Kb5 43. Ke3 Kb4 44. Kd2 Nc3 45. Kd3 Nb5
46. f5 Nd4 47. g4 h6 48. Ke4 Nxb3 49. f6 gxf6 50. Kf5 c4 51. Kxf6 c3 52. Bg6
Kc5 53. Kg7 Kd6 54. Kxh6 Ke7 55. Kh7 Nd4 56. g5 Ne6 57. Kh6 Kf8 58. Be4 Nc5 59.
Bc2 Ne6 60. g6 Ng7 61. g4 Ne6 62. Bb3 Ng7 63. Kg5 Ne8 64. Kf5 Kg7 65. Bc2 Nf6
1/2-1/2

[Event "IX Floripa Chess Open Fort Atacadista"]
[Site "Florianópolis - Santa Catari"]
[Date "2023.01.25"]
[Round "4.78"]
[White "Bezerra, Wiltemberg Barros"]
[Black "Raimundo, Airton Carlos Nunes"]
[Result "0-1"]
[WhiteElo "1786"]
[BlackElo "2023"]
[PlyCount "76"]
[EventDate "2023.01.23"]
[EventRounds "10"]
[EventCountry "BRA"]

1. Nf3 g6 2. g3 Bg7 3. Bg2 e5 4. d3 Ne7 5. Nc3 O-O 6. e4 Nbc6 7. Be3 d6 8. Qd2
Nd4 9. Ne2 c5 10. c3 Nxe2 11. Qxe2 Rb8 12. O-O f5 13. Qd2 b6 14. Ng5 h6 15. Nh3
Kh7 16. f4 Be6 17. fxe5 dxe5 18. Nf2 Qc7 19. exf5 gxf5 20. Qe2 Rbd8 21. Rad1
Bc8 22. Nh3 Ng8 23. Rf2 Nf6 24. Rff1 Ng4 25. Bc1 Kh8 26. Nf2 Nf6 27. Bh3 Rde8
28. g4 Rg8 29. gxf5 c4 30. Rfe1 cxd3 31. Qxd3 Bf8+ 32. Kf1 e4 33. Qd4 Ba6+ 34.
Re2 Qg7 35. Ke1 Bc5 36. Qa4 Qg1+ 37. Kd2 Rd8+ 38. Kc2 Rxd1 0-1

[Event "IX Floripa Chess Open Fort Atacadista"]
[Site "Florianópolis - Santa Catari"]
[Date "2023.01.25"]
[Round "4.79"]
[White "Lutz, Igor Oscar"]
[Black "Arndt, Claudio Felipe"]
[Result "1-0"]
[WhiteElo "2022"]
[BlackElo "1744"]
[PlyCount "83"]
[EventDate "2023.01.23"]
[EventRounds "10"]
[EventCountry "BRA"]

1. d4 d5 2. c4 c6 3. Nf3 Nf6 4. g3 e6 5. Bg2 dxc4 6. O-O b5 7. Ne5 Bb7 8. a4 a6
9. axb5 axb5 10. Rxa8 Bxa8 11. Nc3 Qb6 12. Bg5 Be7 13. Ne4 Nxe4 14. Bxe7 Kxe7
15. Bxe4 f6 16. Qd2 fxe5 17. Qg5+ Kf7 18. dxe5 Qd8 19. Qf4+ Kg8 20. Ra1 Bb7 21.
Ra7 Qe7 22. Qe3 Qc7 23. Qc5 Na6 24. Qe3 g6 25. Qg5 Nc5 26. Bf3 Qb8 27. Ra1 Qe8
28. Rd1 Qf7 29. Rd4 h6 30. Qe3 Kh7 31. Rh4 Qf8 32. Rf4 Qe7 33. h4 Rf8 34. Rd4
Nb3 35. Rd6 Rd8 36. Bxc6 Bxc6 37. Rxc6 Qb7 38. Rd6 Rxd6 39. exd6 Qd7 40. Qb6
Qg7 41. Qc7 Nd4 42. d7 1-0

[Event "IX Floripa Chess Open Fort Atacadista"]
[Site "Florianópolis - Santa Catari"]
[Date "2023.01.25"]
[Round "4.80"]
[White "Da Silva, Daniel Pereira"]
[Black "Ibanez, Marcelo"]
[Result "1-0"]
[WhiteElo "1775"]
[BlackElo "2014"]
[PlyCount "97"]
[EventDate "2023.01.23"]
[EventRounds "10"]
[EventCountry "BRA"]

1. d4 Nf6 2. c4 e6 3. Nf3 d5 4. Nc3 dxc4 5. e3 c5 6. Bxc4 cxd4 7. Nxd4 Bc5 8.
O-O O-O 9. b3 a6 10. Be2 Qa5 11. Qc2 Bb4 12. Bb2 e5 13. Nf3 Nc6 14. Ne4 Be7 15.
a3 Qd5 16. Bd3 g6 17. Rfd1 Qe6 18. h3 Nxe4 19. Bxe4 Bf6 20. Bd5 Qe7 21. Bxc6
bxc6 22. Qxc6 Be6 23. b4 a5 24. Qc5 Qb7 25. Bxe5 Rfc8 26. Qd6 Be7 27. Qd2 Bxh3
28. Qd5 Qxd5 29. Rxd5 Be6 30. Rxa5 Rxa5 31. bxa5 Rc5 32. a6 Ra5 33. Rb1 f6 34.
Rb6 Kf7 35. Bd4 Rxa3 36. Rb7 Ra5 37. Bb6 Ra1+ 38. Kh2 Bd5 39. Rc7 Bxf3 40. Bc5
Bd5 41. Rxe7+ Kg8 42. a7 Ra2 43. Kg3 h5 44. Bd4 h4+ 45. Kxh4 Bxg2 46. e4 g5+
47. Kg3 Bxe4 48. Rxe4 Kf7 49. Re1 1-0

[Event "IX Floripa Chess Open Fort Atacadista"]
[Site "Florianópolis - Santa Catari"]
[Date "2023.01.25"]
[Round "4.81"]
[White "De Oliveira, Aquiles Machado"]
[Black "Pereira, Marcelo Do Carmo"]
[Result "1/2-1/2"]
[WhiteElo "2013"]
[BlackElo "1733"]
[PlyCount "93"]
[EventDate "2023.01.23"]
[EventRounds "10"]
[EventCountry "BRA"]

1. e4 e5 2. Nf3 Nf6 3. Nc3 Nc6 4. g3 Bb4 5. Bg2 O-O 6. O-O d6 7. d3 Bg4 8. h3
Be6 9. Ng5 h6 10. Nxe6 fxe6 11. Ne2 Bc5 12. c3 a5 13. Kh2 Qe8 14. f4 a4 15. g4
exf4 16. Bxf4 e5 17. Bd2 Qg6 18. Ng3 Ne7 19. Nf5 Rfe8 20. Qf3 c6 21. Nxh6+ Kh7
22. Nf5 Nxf5 23. Qxf5 Rad8 24. Rae1 Qxf5 25. Rxf5 Rf8 26. Bg5 Kg6 27. Ref1 Rde8
28. Kg3 Nd7 29. h4 Rxf5 30. Rxf5 Rf8 31. Bf3 b5 32. h5+ Kh7 33. Be7 Re8 34. Bh4
Rf8 35. g5 g6 36. hxg6+ Kxg6 37. Rxf8 Nxf8 38. Bg4 Be3 39. Bf5+ Kh5 40. Bg4+
Kg6 41. Bf5+ Kh5 42. Bc8 Bc1 43. b3 axb3 44. axb3 Bd2 45. Bg4+ Kg6 46. c4 b4
47. Kf3 1/2-1/2

[Event "IX Floripa Chess Open Fort Atacadista"]
[Site "Florianópolis - Santa Catari"]
[Date "2023.01.25"]
[Round "4.82"]
[White "De Siqueira, Luigy Lira"]
[Black "Cardoso, Leandro Ubialli"]
[Result "0-1"]
[WhiteElo "2011"]
[BlackElo "1732"]
[PlyCount "69"]
[EventDate "2023.01.23"]
[EventRounds "10"]
[EventCountry "BRA"]

1. e4 e6 2. d4 d5 3. Nd2 Nf6 4. e5 Nfd7 5. Bd3 c5 6. c3 Nc6 7. Ne2 Qb6 8. Nf3
cxd4 9. cxd4 Bb4+ 10. Bd2 O-O 11. O-O f6 12. Bxb4 Qxb4 13. Nf4 Ndxe5 14. Nxe5
fxe5 15. Bxh7+ Kxh7 16. Qh5+ Kg8 17. Ng6 Rf5 18. Qh8+ Kf7 19. Qh7 Bd7 20. Nh8+
Rxh8 21. Qxh8 Qf8 22. Qh3 Nxd4 23. Kh1 Kg8 24. Qg3 Qf6 25. Rae1 Bb5 26. Rg1 Ne2
27. Qb3 Bc4 28. Qxb7 Nxg1 29. Rxg1 Rxf2 30. Qd7 Rf1 31. Qe8+ Kh7 32. h3 Rxg1+
33. Kxg1 Qf1+ 34. Kh2 Qf4+ 35. Kg1 0-1

[Event "IX Floripa Chess Open Fort Atacadista"]
[Site "Florianópolis - Santa Catari"]
[Date "2023.01.25"]
[Round "4.84"]
[White "Urquiza, Marcello De Albuque"]
[Black "Montiel Caceres, Helen"]
[Result "1-0"]
[WhiteElo "2007"]
[BlackElo "1723"]
[PlyCount "81"]
[EventDate "2023.01.23"]
[EventRounds "10"]
[EventCountry "BRA"]

1. e4 c5 2. Nf3 e6 3. d4 cxd4 4. Nxd4 Nc6 5. Nb5 d6 6. c4 Nf6 7. N1c3 Be7 8.
Be2 a6 9. Na3 Qa5 10. O-O O-O 11. Be3 Rb8 12. Qb3 e5 13. Rfd1 Be6 14. Bb6 Qb4
15. Qxb4 Nxb4 16. Bc7 Nc6 17. Bxb8 Rxb8 18. Nc2 b5 19. cxb5 axb5 20. Nd5 Kf8
21. f3 Nd7 22. Ndb4 Na7 23. Ne3 Bd8 24. Ned5 Nb6 25. Rac1 Nxd5 26. exd5 Bb6+
27. Kf1 Bd7 28. Rc3 Ke7 29. Rdc1 f5 30. Rb3 e4 31. Nc6+ Bxc6 32. dxc6 Bc7 33.
a4 b4 34. fxe4 fxe4 35. Bc4 Rf8+ 36. Ke1 Rf5 37. Rd1 Nxc6 38. Bd5 Nb8 39. Bxe4
Re5 40. Re3 Nc6 41. Re2 1-0

[Event "IX Floripa Chess Open Fort Atacadista"]
[Site "Florianópolis - Santa Catari"]
[Date "2023.01.25"]
[Round "4.85"]
[White "Silvestre, Gilmar Severino"]
[Black "Ramirez, Maria Eugenia"]
[Result "0-1"]
[WhiteElo "1749"]
[BlackElo "2007"]
[PlyCount "62"]
[EventDate "2023.01.23"]
[EventRounds "10"]
[EventCountry "BRA"]

1. d4 c5 2. e3 Nf6 3. Nf3 e6 4. Bd3 Be7 5. O-O O-O 6. b3 b6 7. Bb2 Bb7 8. Nbd2
Nc6 9. a3 Rc8 10. c4 d5 11. Ne5 Nxe5 12. dxe5 Ne8 13. f4 f5 14. Nf3 Nc7 15. Qe2
Qe8 16. Bc3 Rd8 17. Be1 Qc6 18. Bh4 Bxh4 19. Nxh4 g6 20. Rf3 dxc4 21. bxc4 Qd7
22. Rd1 Bxf3 23. Nxf3 Qa4 24. Bc2 Qxa3 25. Rd6 Qc3 26. h4 Na6 27. h5 Nb4 28.
Ba4 Qa1+ 29. Bd1 Rxd6 30. exd6 Rd8 31. hxg6 hxg6 0-1

[Event "IX Floripa Chess Open Fort Atacadista"]
[Site "Florianópolis - Santa Catari"]
[Date "2023.01.25"]
[Round "4.86"]
[White "Predebon, Eduardo Angonesi"]
[Black "Mesquita, Guilherme"]
[Result "0-1"]
[WhiteElo "1740"]
[BlackElo "2007"]
[PlyCount "46"]
[EventDate "2023.01.23"]
[EventRounds "10"]
[EventCountry "BRA"]

1. e4 c5 2. Nf3 d6 3. d4 cxd4 4. Nxd4 Nf6 5. Nc3 a6 6. Bg5 e6 7. f4 Qb6 8. a3
Nc6 9. Nb3 h5 10. h3 Qe3+ 11. Qe2 Qxe2+ 12. Bxe2 h4 13. Bxf6 gxf6 14. O-O-O Rg8
15. Rhg1 Bh6 16. Rdf1 Bd7 17. Kb1 Ke7 18. Rf3 Rg7 19. Nd1 Rag8 20. Bf1 Rg3 21.
Rxg3 Rxg3 22. Be2 Bxf4 23. Bg4 Ne5 0-1

[Event "IX Floripa Chess Open Fort Atacadista"]
[Site "Florianópolis - Santa Catari"]
[Date "2023.01.25"]
[Round "4.87"]
[White "Dauer, Andre Leonardo"]
[Black "Carlos, Roberta Souto"]
[Result "1-0"]
[WhiteElo "1990"]
[BlackElo "1698"]
[PlyCount "51"]
[EventDate "2023.01.23"]
[EventRounds "10"]
[EventCountry "BRA"]

1. e4 c5 2. Nf3 Nc6 3. d4 cxd4 4. Nxd4 Nf6 5. Nc3 d6 6. Be2 g6 7. Be3 Bg7 8. f3
O-O 9. Qd2 Nxd4 10. Bxd4 Qa5 11. O-O Be6 12. Rad1 Qh5 13. f4 Bg4 14. Bxg4 Nxg4
15. h3 Nh6 16. Bxg7 Kxg7 17. Nd5 e5 18. Qb4 exf4 19. Qxd6 f5 20. Qe5+ Kg8 21.
Nf6+ Rxf6 22. Qxf6 Rf8 23. Rd8 Nf7 24. Rxf8+ Kxf8 25. exf5 Qe2 26. fxg6 1-0

[Event "IX Floripa Chess Open Fort Atacadista"]
[Site "Florianópolis - Santa Catari"]
[Date "2023.01.25"]
[Round "4.88"]
[White "Cordioli, Jairo Ribeiro"]
[Black "Mariani, Daniel Brandao"]
[Result "0-1"]
[WhiteElo "1735"]
[BlackElo "1987"]
[PlyCount "68"]
[EventDate "2023.01.23"]
[EventRounds "10"]
[EventCountry "BRA"]

1. d4 d5 2. c4 e6 3. Nf3 c5 4. e3 Nc6 5. Nc3 Nf6 6. cxd5 exd5 7. Bb5 Bd6 8.
dxc5 Bxc5 9. O-O O-O 10. a3 Bg4 11. h3 Bh5 12. Be2 a6 13. b4 Ba7 14. Bb2 Qd6
15. Na4 Ne4 16. g4 Bg6 17. Rc1 Bxe3 18. fxe3 Qg3+ 19. Kh1 Qxh3+ 20. Nh2 Ng3+
21. Kg1 Nxf1 22. Qxf1 Qxe3+ 23. Qf2 Qg5 24. Rf1 Be4 25. Qf4 Qg6 26. Nc5 h5 27.
Nd7 Rfd8 28. Ne5 Nxe5 29. Bxe5 hxg4 30. Qxf7+ Qxf7 31. Rxf7 Kxf7 32. Nxg4 Rac8
33. Ne3 Ke6 34. Bd4 Rc1+ 0-1

[Event "IX Floripa Chess Open Fort Atacadista"]
[Site "Florianópolis - Santa Catari"]
[Date "2023.01.25"]
[Round "4.89"]
[White "Da Silva, Luiz Matheus"]
[Black "Silva, Gabryel Lunardi Car"]
[Result "1/2-1/2"]
[WhiteElo "1986"]
[BlackElo "1697"]
[PlyCount "81"]
[EventDate "2023.01.23"]
[EventRounds "10"]
[EventCountry "BRA"]

1. c4 Nf6 2. Nc3 g6 3. d4 Bg7 4. e4 d6 5. Nf3 O-O 6. Be2 e5 7. Be3 Ng4 8. Bg5
f6 9. Bc1 Nc6 10. d5 Ne7 11. h3 Nh6 12. g4 f5 13. gxf5 gxf5 14. Bg5 Nf7 15. Bh4
Nh8 16. Qd2 Nhg6 17. Bg5 fxe4 18. Nxe4 Nf4 19. O-O-O h6 20. Bxf4 Rxf4 21. Ng3
Qf8 22. Nh5 Rxf3 23. Nxg7 Kxg7 24. Rhg1+ Kh7 25. Bxf3 Qxf3 26. Rg3 Qf7 27. Rdg1
Bf5 28. f4 e4 29. Rg7+ Qxg7 30. Rxg7+ Kxg7 31. Qd4+ Kf7 32. b4 Ng6 33. Kd2 Nxf4
34. Qe3 Nxh3 35. Qxh6 Rg8 36. Qh5+ Kf6 37. Qh6+ Ke5 38. Qh4 Rg5 39. Ke3 Kf6 40.
Qh8+ Ke7 41. Kd4 1/2-1/2

[Event "IX Floripa Chess Open Fort Atacadista"]
[Site "Florianópolis - Santa Catari"]
[Date "2023.01.25"]
[Round "4.90"]
[White "Franca Junior, Jairo"]
[Black "Benitez, Andres"]
[Result "0-1"]
[WhiteElo "1696"]
[BlackElo "1980"]
[PlyCount "90"]
[EventDate "2023.01.23"]
[EventRounds "10"]
[EventCountry "BRA"]

1. d4 d5 2. Nf3 Nf6 3. c4 e6 4. Nc3 a6 5. cxd5 exd5 6. Bg5 Be6 7. e3 Bd6 8. Bd3
O-O 9. O-O h6 10. Bh4 Nbd7 11. Rc1 c6 12. Bg3 Bxg3 13. hxg3 Bg4 14. Bb1 Re8 15.
Qb3 Rb8 16. Qa3 Qc7 17. Rfe1 Re6 18. Nd2 Rbe8 19. Na4 Nf8 20. Nc5 R6e7 21. Qc3
N8h7 22. b4 Ng5 23. a4 Bc8 24. a5 Qd6 25. Qc2 g6 26. Nf3 Ng4 27. Nxg5 hxg5 28.
Qd2 Qf6 29. Nd3 Qh8 30. Kf1 Qh1+ 31. Ke2 Qxg2 32. Kd1 Qf3+ 33. Qe2 Qf6 34. Kd2
Bf5 35. Kc3 Bxd3 36. Bxd3 Nh6 37. Qc2 Kg7 38. Kb3 Ng4 39. Re2 Rh8 40. Rce1 Rh2
41. Rf1 Re6 42. Kc3 Qf3 43. e4 dxe4 44. Re3 Nxe3 45. fxe3 Rxc2+ 0-1

[Event "IX Floripa Chess Open Fort Atacadista"]
[Site "Florianópolis - Santa Catari"]
[Date "2023.01.25"]
[Round "4.91"]
[White "Setti, Dalmarino"]
[Black "Nascimento, Pedro Henrique Alve"]
[Result "1/2-1/2"]
[WhiteElo "1696"]
[BlackElo "1978"]
[PlyCount "50"]
[EventDate "2023.01.23"]
[EventRounds "10"]
[EventCountry "BRA"]

1. d4 d5 2. c4 e6 3. Nc3 Be7 4. cxd5 exd5 5. Bf4 Nf6 6. Qc2 c6 7. e3 O-O 8. Bd3
Nbd7 9. Nge2 Re8 10. Bg5 h6 11. Bh4 Ne4 12. Bxe7 Qxe7 13. O-O Nd6 14. Rae1 Qg5
15. Kh1 Nf6 16. Nf4 Bf5 17. Nce2 Ng4 18. Ng1 Bxd3 19. Nxd3 Nf5 20. Nf3 Qg6 21.
Kg1 Nd6 22. Rc1 Qh5 23. Nf4 Qf5 24. Qxf5 Nxf5 25. h3 Nf6 1/2-1/2

[Event "IX Floripa Chess Open Fort Atacadista"]
[Site "Florianópolis - Santa Catari"]
[Date "2023.01.25"]
[Round "4.92"]
[White "Pertuzatti, Daniel"]
[Black "Maba, Mateus Dos Passos"]
[Result "1-0"]
[WhiteElo "1973"]
[BlackElo "1690"]
[PlyCount "52"]
[EventDate "2023.01.23"]
[EventRounds "10"]
[EventCountry "BRA"]

1. f4 e5 2. e4 d5 3. Nc3 d4 4. Nce2 Bg4 5. d3 Nc6 6. Nf3 Bd6 7. fxe5 Nxe5 8.
Nexd4 c5 9. Nb5 Bxf3 10. Nxd6+ Qxd6 11. gxf3 Qf6 12. Bg2 Qh4+ 13. Kf1 Ne7 14.
Qe1 Qf6 15. Qf2 h5 16. h3 Rd8 17. f4 N5g6 18. f5 Ne5 19. Qxc5 O-O 20. Qf2 N7c6
21. Bf3 Nb4 22. Bxh5 Rfe8 23. Rg1 Nexd3 24. cxd3 Nxd3 25. Bg5 Qa6 26. Be2 Rxe4
1-0

[Event "IX Floripa Chess Open Fort Atacadista"]
[Site "Florianópolis - Santa Catari"]
[Date "2023.01.25"]
[Round "4.93"]
[White "Silverio, Vitor Luis De Jesus"]
[Black "Japiassu, Ricardo De Villa No"]
[Result "1-0"]
[WhiteElo "1682"]
[BlackElo "1964"]
[PlyCount "48"]
[EventDate "2023.01.23"]
[EventRounds "10"]
[EventCountry "BRA"]

1. e4 c5 2. Nf3 d6 3. d4 cxd4 4. Nxd4 Nf6 5. Nc3 g6 6. Be3 Bg7 7. f3 O-O 8. g4
Nc6 9. Qd2 Be6 10. O-O-O Nxd4 11. Bxd4 Qa5 12. Kb1 Rfc8 13. a3 Rab8 14. Nd5
Qxd2 15. Rxd2 Bxd5 16. exd5 Nd7 17. Bxa7 Ra8 18. Bd4 Ne5 19. Be2 Ra5 20. f4 Nc4
21. Bxc4 Bxd4 22. Rxd4 Ra4 23. b3 Rxa3 24. Kb2 Rca8 1-0

[Event "IX Floripa Chess Open Fort Atacadista"]
[Site "Florianópolis - Santa Catari"]
[Date "2023.01.25"]
[Round "4.95"]
[White "Dias, Matheus Nunes"]
[Black "Dubrovich, Igor"]
[Result "0-1"]
[WhiteElo "1680"]
[BlackElo "1962"]
[PlyCount "60"]
[EventDate "2023.01.23"]
[EventRounds "10"]
[EventCountry "BRA"]

1. d4 Nf6 2. c4 g6 3. Nc3 d5 4. cxd5 Nxd5 5. e4 Nxc3 6. bxc3 Bg7 7. Be3 c5 8.
Bc4 Qa5 9. Qd2 O-O 10. Ne2 Nc6 11. O-O cxd4 12. Bxd4 Nxd4 13. Nxd4 e6 14. Rfd1
Qc5 15. Bb3 b6 16. Rac1 Bb7 17. Qe2 Rfd8 18. Qf3 Rac8 19. Nxe6 Rxd1+ 20. Qxd1
Qe7 21. Nxg7 Qxe4 22. f3 Qe3+ 23. Kh1 Kxg7 24. Rb1 Rxc3 25. h3 Rd3 26. Qe1 Qf4
27. Bd1 Rd2 28. a3 Qd6 29. a4 Bc8 30. Bb3 Bxh3 0-1

[Event "IX Floripa Chess Open Fort Atacadista"]
[Site "Florianópolis - Santa Catari"]
[Date "2023.01.25"]
[Round "4.96"]
[White "Oliveira, Danyel Angelo Aquin"]
[Black "Campora, Edgardo"]
[Result "1-0"]
[WhiteElo "1954"]
[BlackElo "1676"]
[PlyCount "39"]
[EventDate "2023.01.23"]
[EventRounds "10"]
[EventCountry "BRA"]

1. e4 e5 2. Nf3 Nc6 3. Bb5 a6 4. Ba4 b5 5. Bb3 Bc5 6. O-O d6 7. h3 Nf6 8. c3
Bb6 9. d4 Bb7 10. Re1 h6 11. a4 O-O 12. d5 Ne7 13. Qd3 Nh5 14. Bd1 f5 15. exf5
Bxd5 16. Nh4 Bc4 17. Qf3 Nxf5 18. Nxf5 Rxf5 19. Qxf5 Bxf2+ 20. Qxf2 1-0

[Event "IX Floripa Chess Open Fort Atacadista"]
[Site "Florianópolis - Santa Catari"]
[Date "2023.01.25"]
[Round "4.97"]
[White "Pavoni, Felipe Stevanin"]
[Black "Carvalho Jr, Celestino"]
[Result "1/2-1/2"]
[WhiteElo "1674"]
[BlackElo "1953"]
[PlyCount "76"]
[EventDate "2023.01.23"]
[EventRounds "10"]
[EventCountry "BRA"]

1. e4 d5 2. exd5 Qxd5 3. Nc3 Qa5 4. d4 c6 5. Bc4 Nf6 6. Nge2 Bg4 7. f3 Bh5 8.
O-O e6 9. Ng3 Bg6 10. Qe2 Nbd7 11. f4 O-O-O 12. Bb3 Bd6 13. Bd2 Qc7 14. Rf3 Nh5
15. Nb5 Nxg3 16. Rxg3 Qb8 17. Nxd6+ Qxd6 18. d5 cxd5 19. Qf2 Kb8 20. Re1 Ka8
21. Be3 a6 22. c4 Be4 23. Qd2 b6 24. Rxg7 Rhg8 25. Rxg8 Rxg8 26. g3 Nc5 27. Bc2
Bxc2 28. Qxc2 Ne4 29. cxd5 exd5 30. Rd1 f5 31. Qb3 Rd8 32. Qxb6 Qxb6 33. Bxb6
Rd6 34. Bd4 Kb7 35. Be5 Rd8 36. Kg2 Rd7 37. Kf3 h5 38. a3 Kc6 1/2-1/2

[Event "IX Floripa Chess Open Fort Atacadista"]
[Site "Florianópolis - Santa Catari"]
[Date "2023.01.25"]
[Round "4.98"]
[White "Gazola, Vanessa Ramos"]
[Black "Goncalves, Davi Augusto"]
[Result "1-0"]
[WhiteElo "1949"]
[BlackElo "1667"]
[PlyCount "63"]
[EventDate "2023.01.23"]
[EventRounds "10"]
[EventCountry "BRA"]

1. d4 d5 2. c4 e6 3. Nc3 Nf6 4. cxd5 exd5 5. Bg5 Be7 6. e3 O-O 7. Bd3 c6 8. Qc2
Nbd7 9. Nge2 Re8 10. O-O Nf8 11. f3 g6 12. h3 Ne6 13. Bh4 Ng7 14. e4 dxe4 15.
fxe4 Be6 16. Rf3 h6 17. e5 Nd5 18. Bxe7 Qxe7 19. Ne4 Nb4 20. Qd2 g5 21. Nf6+
Kf8 22. Nxe8 Kxe8 23. Rf6 Kd7 24. Be4 Ne8 25. Rxh6 Nc7 26. Ng3 Nbd5 27. Nf5 Qd8
28. Nd6 Rb8 29. Rf1 Qg8 30. Rh7 g4 31. hxg4 Qxg4 32. Rfxf7+ 1-0

[Event "IX Floripa Chess Open Fort Atacadista"]
[Site "Florianópolis - Santa Catari"]
[Date "2023.01.25"]
[Round "4.99"]
[White "Gomes, Marco Tulio Caldeir"]
[Black "Soares, Renan Barbosa Monte"]
[Result "0-1"]
[WhiteElo "1645"]
[BlackElo "1941"]
[PlyCount "37"]
[EventDate "2023.01.23"]
[EventRounds "10"]
[EventCountry "BRA"]

1. Nf3 Nf6 2. c4 g6 3. g3 Bg7 4. Bg2 O-O 5. O-O d6 6. Nc3 c5 7. d4 Nc6 8. d5
Ne5 9. Qb3 a6 10. Bf4 b5 11. cxb5 axb5 12. Nxb5 Qb6 13. a4 Bf5 14. Qd1 Nh5 15.
Bc1 Nc4 16. Qb3 Bd7 17. Bg5 Ne5 18. Qc2 Nf6 19. Nc3 0-1

[Event "IX Floripa Chess Open Fort Atacadista"]
[Site "Florianópolis - Santa Catari"]
[Date "2023.01.25"]
[Round "4.100"]
[White "Seccafim, Caic Dos Santos"]
[Black "Bashtavenko, Aleksey"]
[Result "1-0"]
[WhiteElo "1936"]
[BlackElo "1569"]
[PlyCount "47"]
[EventDate "2023.01.23"]
[EventRounds "10"]
[EventCountry "BRA"]

1. e4 e6 2. d3 d5 3. Nd2 Nf6 4. Ngf3 b6 5. e5 Nfd7 6. d4 c5 7. c3 Ba6 8. Bxa6
Nxa6 9. O-O Be7 10. Ne1 cxd4 11. cxd4 Nb4 12. f4 g6 13. Qg4 h5 14. Qd1 Qc7 15.
Ndf3 Rc8 16. Be3 Qb7 17. Bf2 Nc6 18. Qd3 Nb4 19. Qd1 Qa6 20. Bh4 Nc6 21. f5
Nxd4 22. Bxe7 Nxf3+ 23. Qxf3 Kxe7 24. fxe6 1-0